Základné črty hospodárskej situácie v postsocialistických krajinách

Vývoj transformujúcich sa ekonomík v kontexte postavenia ekonomiky Českej republiky. Rast HDP postsocialistických krajín za posledné roky a jeho predpokladaný vývoj. Zahraničné vzťahy ČR s krajinami CEFTA a transformujúcimi sa ekonomikami. Zahraničný obchod ČR so surovinami, palivami, polotovarmi a...

Ausführliche Beschreibung

Gespeichert in:
Bibliographische Detailangaben
1. Verfasser: Oberhauser, Ján Artur
Format: Buchkapitel
Sprache:Slowakisch
Schlagworte:
Tags: Tag hinzufügen
Keine Tags, Fügen Sie das erste Tag hinzu!

MARC

LEADER 00000naa a2200000 4500
001 r032389
005 20230824095406.5
041 0 |a slo 
044 |a SK 
245 1 0 |a Základné črty hospodárskej situácie v postsocialistických krajinách  |c Ján Artur Oberhauser 
520 |a Vývoj transformujúcich sa ekonomík v kontexte postavenia ekonomiky Českej republiky. Rast HDP postsocialistických krajín za posledné roky a jeho predpokladaný vývoj. Zahraničné vzťahy ČR s krajinami CEFTA a transformujúcimi sa ekonomikami. Zahraničný obchod ČR so surovinami, palivami, polotovarmi a hotovými výrobkami. Problémy v obchode ČR so spotrebným tovarom. 
610 2 0 |a situácia hospodárska 
610 2 0 |a transformácia 
610 2 0 |a SVE 
610 2 0 |a obchod zahraničný 
610 2 0 |a Česko 
610 2 0 |a produkt domáci hrubý 
610 2 0 |a vzťahy hospodárske medzinárodné 
610 2 0 |a vývoz 
610 2 0 |a styk zahraničnoobchodný 
100 1 |a Oberhauser, Ján Artur